Statistics for Countries Voting Against Condemning Iran (2017)

Click here to take the quiz!

General Stats

  • This quiz has been taken 80 times
  • The average score is 20 of 30

Answer Stats

HintAnswer% Correct
22Russia
97%
8China
96%
21Pakistan
94%
19North Korea
89%
24Syria
87%
11India
86%
14Iraq
86%
1Afghanistan
84%
12Indonesia
79%
25Turkmenistan
79%
17Lebanon
77%
27Uzbekistan
77%
3Belarus
73%
28Venezuela
73%
2Armenia
71%
9Cuba
71%
20Oman
70%
15Kazakhstan
69%
29Vietnam
69%
7Cambodia
64%
16Kyrgyzstan
63%
10Eritrea
51%
13Iran
51%
30Zimbabwe
50%
4Bolivia
49%
5Brunei
44%
18Nicaragua
41%
23South Africa
41%
26Uganda
31%
6Burundi
29%

Score Distribution

Percentile by Number Answered

Percent of People with Each Score

Your Score History

You have not taken this quiz